[Event "XI Open Piemonte Scacchi"]
[Site "Torino ITA"]
[Date "2011.09.09"]
[Round "1"]
[White "Ranieri, Fabrizio"]
[Black "Guidi, Paolo"]
[Result "1-0"]
[WhiteElo "2299"]
[BlackElo "1871"]
[PlyCount "61"]
[EventDate "2011.09.09"]

1. e4 d6 2. d4 Nf6 3. Nc3 g6 4. Be3 c6 5. f3 b5 6. Bd3 Nbd7 7. Qd2 Bb7 8. Nge2
Qc7 9. O-O Bg7 10. Bh6 O-O 11. Bxg7 Kxg7 12. f4 b4 13. Nd1 c5 14. e5 Nd5 15. c4
bxc3 16. bxc3 cxd4 17. cxd4 N7b6 18. Rc1 Qd7 19. f5 dxe5 20. dxe5 f6 21. fxg6
hxg6 22. exf6+ exf6 23. Be4 Qe7 24. Bf3 Rac8 25. Rxc8 Rxc8 26. Nd4 Re8 27. Nf2
Ne3 28. Re1 Bxf3 29. Nxf3 Nbc4 30. Qd4 Rd8 31. Qxc4 1-0

[Event "XI Open Piemonte Scacchi"]
[Site "Torino ITA"]
[Date "2011.09.09"]
[Round "1"]
[White "D'Amato, Piergiorgio"]
[Black "Quirico, Paolo"]
[Result "1/2-1/2"]
[WhiteElo "1856"]
[BlackElo "2191"]
[PlyCount "68"]
[EventDate "2011.09.09"]

1. e4 c5 2. Nf3 g6 3. d4 cxd4 4. Nxd4 Nc6 5. Nc3 Bg7 6. Be3 d6 7. h3 Nf6 8. Bc4
Bd7 9. O-O O-O 10. Bb3 a6 11. Qd3 b5 12. Bg5 Nxd4 13. Qxd4 Bc6 14. Qe3 Re8 15.
Nd5 Bxd5 16. exd5 Qc7 17. c3 Rac8 18. Rad1 Qc5 19. Qf4 Nd7 20. Rfe1 Bf6 21. Bh6
Ne5 22. Qe4 Nc4 23. Re2 Rb8 24. Rd3 e5 25. dxe6 Rxe6 26. Qf3 Rxe2 27. Qxe2 Qc6
28. Qf3 Qxf3 29. Rxf3 Bg7 30. Bf4 Be5 31. Bc1 Re8 32. Kf1 Bg7 33. Rd3 Re6 34.
Rd5 Nb6 1/2-1/2

[Event "XI Open Piemonte Scacchi"]
[Site "Torino ITA"]
[Date "2011.09.09"]
[Round "1"]
[White "Riccardi, Mauro"]
[Black "Bianco, Valerio"]
[Result "1-0"]
[WhiteElo "1836"]
[BlackElo "2176"]
[PlyCount "73"]
[EventDate "2011.09.09"]

1. d4 d5 2. c4 c6 3. Nf3 Nf6 4. Nc3 e6 5. e3 Nbd7 6. Qc2 Bd6 7. g4 h6 8. h3
dxc4 9. Bxc4 b5 10. Bb3 Bb7 11. e4 Be7 12. e5 Nd5 13. Bxd5 cxd5 14. a3 Rc8 15.
Qe2 a6 16. Bd2 Nb6 17. b3 Qd7 18. O-O Rc6 19. Rfc1 O-O 20. g5 hxg5 21. Nxg5 f6
22. Nf3 Qe8 23. Kh2 Qh5 24. Rg1 fxe5 25. Rg4 Bd6 26. dxe5 Bc5 27. Rag1 Rf7 28.
b4 Bf8 29. Ng5 Rf5 30. Qd3 Nc4 31. f4 Nxd2 32. Qxd2 Rc4 33. Nxe6 d4 34. Nxg7
Bxg7 35. Rxg7+ Kf8 36. Rxb7 Rxc3 37. Qg2 1-0

[Event "XI Open Piemonte Scacchi"]
[Site "Torino ITA"]
[Date "2011.09.09"]
[Round "1"]
[White "Aghayev, Miragha"]
[Black "Figari, Andrea"]
[Result "1-0"]
[WhiteElo "2112"]
[BlackElo "1833"]
[PlyCount "49"]
[EventDate "2011.09.09"]

1. e4 e5 2. Nf3 Nc6 3. d4 exd4 4. Nxd4 Bb4+ 5. c3 Ba5 6. Bc4 Ne5 7. Bb3 Qh4 8.
O-O Nf6 9. f4 Neg4 10. h3 Bb6 11. Rf3 h5 12. Bd2 Nxe4 13. Be1 Qf6 14. Bd5 Qf5
15. Bxe4 Qxe4 16. hxg4 hxg4 17. Nd2 Qh7 18. Re3+ Kf8 19. Bg3 c5 20. Qe2 f6 21.
Re8+ Kf7 22. Qe7+ Kg6 23. f5+ Kh5 24. Qf7+ Kg5 25. Ne4+ 1-0

[Event "XI Open Piemonte Scacchi"]
[Site "Torino ITA"]
[Date "2011.09.09"]
[Round "1"]
[White "Manunta, Andrea"]
[Black "Faraoni, Enrico"]
[Result "1/2-1/2"]
[WhiteElo "1770"]
[BlackElo "2104"]
[PlyCount "120"]
[EventDate "2011.09.09"]

1. d4 Nf6 2. c4 g6 3. Nc3 Bg7 4. e4 d6 5. h3 O-O 6. Bg5 c5 7. d5 e6 8. Bd3 exd5
9. cxd5 h6 10. Be3 b5 11. Qd2 c4 12. Bc2 Re8 13. a3 Qa5 14. Ra2 Nbd7 15. Nge2
Nc5 16. O-O Nb3 17. Qd1 Bd7 18. Nd4 Nxd4 19. Bxd4 Qc7 20. f4 a5 21. e5 dxe5 22.
fxe5 Rxe5 23. Bxe5 Qxe5 24. Qf3 b4 25. axb4 Re8 26. bxa5 Qg5 27. a6 Re3 28. Qf4
Re8 29. Qxg5 hxg5 30. a7 Ra8 31. Kh1 Nh5 32. Rf3 g4 33. hxg4 Bxg4 34. d6 Bd4
35. Be4 Bxf3 36. Bxf3 Rxa7 37. Rxa7 Bxa7 38. Bxh5 gxh5 39. Nd5 Bf2 40. d7 Bh4
41. Nb6 Kf8 42. Nxc4 Ke7 43. Kg1 Kxd7 44. Kf1 Ke6 45. Ke2 Be7 46. b3 Kf5 47.
Kf3 Ke6 48. Ke4 Bb4 49. Ne3 Ba3 50. Nd5 Bc1 51. Nf4+ Kf6 52. Nxh5+ Kg5 53. Ng3
Kg4 54. Nf5 Ba3 55. Nh6+ Kg3 56. Nxf7 Kxg2 57. Kd5 Kf3 58. Nd6 Ke3 59. Nc4+ Kd3
60. Na5 Kc3 1/2-1/2

[Event "XI Open Piemonte Scacchi"]
[Site "Torino ITA"]
[Date "2011.09.09"]
[Round "1"]
[White "Spinelli, Doriano"]
[Black "Carbone, Lorenzo"]
[Result "1-0"]
[WhiteElo "2098"]
[BlackElo "1759"]
[PlyCount "55"]
[EventDate "2011.09.09"]

1. e4 c5 2. d4 cxd4 3. c3 dxc3 4. Nxc3 e6 5. Nf3 Be7 6. Bc4 a6 7. O-O Nc6 8.
Qe2 Qc7 9. Rd1 d6 10. Bf4 Nf6 11. e5 dxe5 12. Nxe5 Nxe5 13. Bxe5 Qc6 14. Rac1
O-O 15. Bxf6 Bxf6 16. Ne4 Be7 17. Ng3 Qc5 18. Bxe6 Qg5 19. h4 Qf6 20. Bxc8
Raxc8 21. Rxc8 Rxc8 22. Qg4 Rc2 23. Nf5 Bf8 24. Qg5 Qxg5 25. hxg5 Rc7 26. Rd8
g6 27. Nd6 Kg7 28. Ne8+ 1-0

[Event "XI Open Piemonte Scacchi"]
[Site "Torino ITA"]
[Date "2011.09.09"]
[Round "1"]
[White "Iacomussi, Mario"]
[Black "Jotev, Yassen"]
[Result "0-1"]
[WhiteElo "1747"]
[BlackElo "2086"]
[PlyCount "46"]
[EventDate "2011.09.09"]

1. d4 d5 2. Nf3 Nf6 3. c4 c6 4. Nc3 e6 5. Bg5 dxc4 6. e4 b5 7. e5 h6 8. Bd2 Nd5
9. Be2 Be7 10. a3 Nd7 11. Rc1 O-O 12. Ne4 Bb7 13. O-O c5 14. Nxc5 Nxc5 15. dxc5
Bxc5 16. b4 Be7 17. Qc2 Qc7 18. Rfe1 Rfd8 19. Bc3 a5 20. Nd4 axb4 21. Nxb5 Qb6
22. Bd4 Qxb5 23. Bxc4 Qc6 0-1

[Event "XI Open Piemonte Scacchi"]
[Site "Torino ITA"]
[Date "2011.09.09"]
[Round "1"]
[White "Moncelli, Giorgio"]
[Black "Briata, Federico"]
[Result "1-0"]
[WhiteElo "2081"]
[BlackElo "1745"]
[PlyCount "63"]
[EventDate "2011.09.09"]

1. c4 e5 2. g3 Nc6 3. Bg2 Bc5 4. Nc3 d6 5. e3 Nf6 6. Nge2 Bb6 7. O-O Be6 8. b3
Qd7 9. Nd5 Bxd5 10. cxd5 Ne7 11. Nc3 h5 12. h3 g5 13. Bb2 O-O-O 14. b4 Nf5 15.
a4 a5 16. bxa5 Bxa5 17. Nb5 Kb8 18. e4 Nh6 19. d4 Qe7 20. dxe5 dxe5 21. Ba3 Qd7
22. Qf3 Nhg8 23. Qe3 Bb6 24. Bc5 Bxc5 25. Qxc5 b6 26. Qb4 Kb7 27. Rfc1 Ne8 28.
a5 Ra8 29. Nxc7 Nxc7 30. Qxb6+ Kc8 31. d6 Ra6 32. Qxa6+ 1-0

[Event "XI Open Piemonte Scacchi"]
[Site "Torino ITA"]
[Date "2011.09.09"]
[Round "1"]
[White "Coxe, Marino"]
[Black "Manni, Stefano"]
[Result "0-1"]
[WhiteElo "1744"]
[BlackElo "2012"]
[PlyCount "130"]
[EventDate "2011.09.09"]

1. e4 e5 2. Nf3 Nc6 3. d4 exd4 4. Nxd4 Nf6 5. Nc3 Bc5 6. Be3 Bb6 7. Nf5 Bxe3 8.
Nxe3 O-O 9. Bd3 d6 10. O-O Re8 11. Ned5 Ne5 12. Nxf6+ Qxf6 13. Nd5 Qd8 14. f4
Nxd3 15. cxd3 c6 16. Nc3 Qb6+ 17. Rf2 f5 18. Qd2 Qd4 19. Re1 b5 20. a3 a5 21.
Qe3 Qxe3 22. Rxe3 d5 23. Re1 b4 24. Na4 fxe4 25. dxe4 Rxe4 26. Rxe4 dxe4 27.
Nb6 Rb8 28. Nxc8 Rxc8 29. axb4 axb4 30. Re2 Re8 31. Kf2 Kf7 32. Ke3 Kf6 33. Rc2
Re6 34. Rc4 Kf5 35. Rxb4 Rd6 36. Rxe4 Rg6 37. g3 Rh6 38. g4+ Kxg4 39. Re5 Rg6
40. b4 h6 41. b5 cxb5 42. Rxb5 Re6+ 43. Re5 Rf6 44. Re4 Kh3 45. Re7 Rg6 46. f5
Rg5 47. Ke4 Kxh2 48. Re6 Kg3 49. f6 Rg6 50. Re7 Rxf6 51. Rxg7+ Kh4 52. Ke5 Rf2
53. Rg1 h5 54. Rh1+ Kg4 55. Rg1+ Kh3 56. Ke4 Kh2 57. Rg5 h4 58. Ke3 Rf8 59. Ke2
h3 60. Ke1 Kh1 61. Ke2 Rf4 62. Ke3 Rf1 63. Ke2 Rg1 64. Rf5 Rg2+ 65. Rf2 Kg1 0-1

[Event "XI Open Piemonte Scacchi"]
[Site "Torino ITA"]
[Date "2011.09.09"]
[Round "1"]
[White "Ravazzolo, Gaia"]
[Black "Janier, Fabrice"]
[Result "0-1"]
[WhiteElo "1732"]
[BlackElo "2004"]
[PlyCount "90"]
[EventDate "2011.09.09"]

1. d4 Nf6 2. c4 c5 3. d5 e5 4. dxe6 fxe6 5. Bg5 d5 6. e3 Be7 7. Nf3 Nc6 8. Be2
O-O 9. O-O d4 10. Bf4 Nh5 11. Be5 Nxe5 12. Nxe5 Nf6 13. Nd2 dxe3 14. fxe3 Qc7
15. Nef3 Ng4 16. Qb3 Bd7 17. Rfe1 Bc6 18. Nf1 Ne5 19. N3d2 Rf6 20. e4 Rd8 21.
Rad1 Rd4 22. Ng3 Qd7 23. Qc3 Rf8 24. Nf3 Nxf3+ 25. Bxf3 Bf6 26. Qc2 Be5 27. Nf1
Qf7 28. b3 Rfd8 29. Qe2 a6 30. Bh5 Qf6 31. Bf3 b5 32. Nd2 Bxh2+ 33. Kxh2 Qh6+
34. Kg1 Rxd2 35. Rxd2 Rxd2 36. Qf1 e5 37. Re2 Rd4 38. Re1 Qd6 39. Qf2 bxc4 40.
bxc4 Rxc4 41. Qe2 Bb5 42. Rd1 Rd4 43. Rxd4 Qxd4+ 44. Qf2 c4 45. Be2 c3 0-1

[Event "XI Open Piemonte Scacchi"]
[Site "Torino ITA"]
[Date "2011.09.09"]
[Round "1"]
[White "Guidi, Giacomo G."]
[Black "Bosticardo, Tommaso"]
[Result "1-0"]
[WhiteElo "1991"]
[BlackElo "1708"]
[PlyCount "69"]
[EventDate "2011.09.09"]

1. Nf3 d5 2. g3 Nf6 3. Bg2 c5 4. O-O Nc6 5. d3 e5 6. e4 Be7 7. Nbd2 O-O 8. h3
Re8 9. Qe2 Bf8 10. Re1 d4 11. Rf1 b5 12. Ne1 Ba6 13. f4 Nd7 14. Ndf3 f6 15. f5
c4 16. g4 cxd3 17. cxd3 Nc5 18. Kh1 b4 19. Rg1 Qa5 20. Qd1 Bb5 21. g5 fxg5 22.
Nxg5 h6 23. Ngf3 Qa6 24. Nh4 Nxd3 25. Nxd3 Bxd3 26. Bxh6 Be2 27. Qb3+ Bc4 28.
Qg3 Nd8 29. Bd2 Rc8 30. Ng6 Rc7 31. Nxe5 Bd6 32. Bf4 Nf7 33. Nxc4 Bxf4 34. Qxf4
Rxc4 35. Bf1 1-0

[Event "XI Open Piemonte Scacchi"]
[Site "Torino ITA"]
[Date "2011.09.09"]
[Round "1"]
[White "Marvin, Elio"]
[Black "Haddad Filho, Paulo Ibrahim"]
[Result "0-1"]
[WhiteElo "1669"]
[BlackElo "1971"]
[PlyCount "106"]
[EventDate "2011.09.09"]

1. e4 e5 2. Nf3 Nc6 3. c4 Nf6 4. d3 d6 5. h3 Be7 6. Be2 O-O 7. O-O Re8 8. Be3
Bf8 9. Nc3 g6 10. Re1 Bg7 11. Bf1 Be6 12. Qd2 a6 13. Bg5 Qd7 14. Nd5 Bxd5 15.
exd5 Ne7 16. Rad1 c6 17. dxc6 Nxc6 18. Be3 d5 19. Bg5 dxc4 20. dxc4 Qxd2 21.
Nxd2 Nb4 22. Bxf6 Bxf6 23. Ne4 Bg7 24. a3 Nc2 25. Re2 Nd4 26. Red2 f5 27. Nd6
Re7 28. c5 h6 29. Bc4+ Kh7 30. b4 a5 31. Nb5 axb4 32. Nxd4 exd4 33. axb4 Ra4
34. Rb1 Bf6 35. Kf1 Kg7 36. Re2 Rc7 37. Bd5 Ra3 38. Rd2 Be5 39. g3 Bf6 40. h4
f4 41. gxf4 Rf3 42. h5 gxh5 43. Ke2 Rxf4 44. Rg1+ Bg5 45. Rd3 h4 46. Rg2 Kf6
47. Kd1 Kf5 48. Ra3 Rg4 49. Rxg4 Kxg4 50. Ke2 Bf4 51. Kf1 h3 52. Ra8 h2 53.
Rg8+ Kh3 0-1

[Event "XI Open Piemonte Scacchi"]
[Site "Torino ITA"]
[Date "2011.09.09"]
[Round "1"]
[White "Di Chiara, Mauro"]
[Black "Fassio, Francesco"]
[Result "1-0"]
[WhiteElo "1966"]
[BlackElo "1652"]
[PlyCount "49"]
[EventDate "2011.09.09"]

1. Nf3 c5 2. e3 Nc6 3. d4 cxd4 4. exd4 d5 5. c4 e6 6. Nc3 Nf6 7. Bd3 Be7 8. O-O
O-O 9. Bg5 h6 10. Bh4 dxc4 11. Bxc4 a6 12. Bb3 b5 13. a3 Re8 14. Qd3 Bb7 15.
Bc2 g6 16. Rfe1 b4 17. Na4 Nd5 18. Bxe7 Ndxe7 19. Nc5 Qc7 20. Qd2 Nf5 21. Bxf5
exf5 22. Qxh6 Nxd4 23. Ng5 f6 24. Qxg6+ Qg7 25. Rxe8+ 1-0

[Event "XI Open Piemonte Scacchi"]
[Site "Torino ITA"]
[Date "2011.09.09"]
[Round "1"]
[White "Doromeychuk, Anton"]
[Black "Guzzetti, Luigi Enrico"]
[Result "0-1"]
[WhiteElo "1614"]
[BlackElo "1955"]
[PlyCount "64"]
[EventDate "2011.09.09"]

1. e4 c5 2. Nf3 e6 3. c4 Nc6 4. d4 cxd4 5. Nxd4 a6 6. Nc3 Qc7 7. Be3 Nf6 8. Be2
Be7 9. Bf3 O-O 10. O-O d6 11. Nxc6 bxc6 12. b4 Rd8 13. Qb3 Rb8 14. a4 d5 15. b5
d4 16. Bg5 dxc3 17. Qxc3 cxb5 18. e5 Ne4 19. Bxe4 Bxg5 20. Ra3 b4 21. Bxh7+
Kxh7 22. Qc2+ g6 23. Rh3+ Kg7 24. f4 Be7 25. Qc1 Bb7 26. f5 Qc5+ 27. Kh1 Qxe5
28. f6+ Bxf6 29. Qh6+ Kg8 30. Re3 Qg5 31. Qh3 Bxg2+ 32. Qxg2 Qxe3 0-1

[Event "XI Open Piemonte Scacchi"]
[Site "Torino ITA"]
[Date "2011.09.09"]
[Round "1"]
[White "Martin, Tiziano"]
[Black "Bruera, Marco"]
[Result "1-0"]
[WhiteElo "1948"]
[BlackElo "1602"]
[PlyCount "57"]
[EventDate "2011.09.09"]

1. d4 d5 2. Nf3 Nf6 3. e3 Bg4 4. c4 e6 5. Qb3 Qc8 6. Ne5 Bf5 7. Nc3 c6 8. Bd2
Bd6 9. Rc1 Bc7 10. Be2 O-O 11. g4 Bg6 12. Nxg6 fxg6 13. g5 Nh5 14. Bg4 Na6 15.
cxd5 Qd8 16. dxe6 Kh8 17. Ne4 Rb8 18. f4 Qe7 19. Rf1 Bb6 20. a3 Rfd8 21. Qd1 c5
22. Bxh5 gxh5 23. f5 g6 24. d5 Rxd5 25. Bc3+ Rd4 26. exd4 cxd4 27. Bxd4+ Kg8
28. Bf6 Qe8 29. Nd6 1-0

[Event "XI Open Piemonte Scacchi"]
[Site "Torino ITA"]
[Date "2011.09.09"]
[Round "1"]
[White "Gennaro, Isabella"]
[Black "Razzano, Lorenzo"]
[Result "0-1"]
[WhiteElo "1588"]
[BlackElo "1927"]
[PlyCount "52"]
[EventDate "2011.09.09"]

1. e4 g6 2. d4 Bg7 3. Nf3 c5 4. dxc5 Qa5+ 5. Bd2 Qxc5 6. Nc3 d6 7. Be2 Nf6 8.
O-O O-O 9. h3 Nbd7 10. Re1 a6 11. Rb1 b5 12. b4 Qc7 13. a3 Bb7 14. Bd3 Nb6 15.
e5 Bxf3 16. exd6 Qxc3 17. Qxf3 Qxd2 18. dxe7 Rfe8 19. Re3 Nbd5 20. Rd1 Qxd1+
21. Qxd1 Nxe3 22. fxe3 Rxe7 23. c4 Rxe3 24. Qd2 Bh6 25. Qc2 Rd8 26. Bf1 Re1 0-1

[Event "XI Open Piemonte Scacchi"]
[Site "Torino ITA"]
[Date "2011.09.09"]
[Round "1"]
[White "Macheda, Andrea"]
[Black "Dall'Igna, Antonio"]
[Result "1-0"]
[WhiteElo "1915"]
[BlackElo "1515"]
[PlyCount "47"]
[EventDate "2011.09.09"]

1. c4 c6 2. Nf3 d5 3. b3 Nf6 4. Bb2 e6 5. e3 Nbd7 6. Be2 Bd6 7. O-O O-O 8. d4
Qc7 9. Nc3 h6 10. Rc1 Ng4 11. cxd5 exd5 12. Nxd5 Bxh2+ 13. Kh1 Nxf2+ 14. Rxf2
Qg3 15. Ne7+ Kh8 16. Qf1 Nf6 17. Nxh2 Ne4 18. Rf3 Be6 19. Qe1 Qg5 20. Bd3 Nd6
21. Rg3 Qxe7 22. d5 Bxd5 23. Bxg7+ Kg8 24. Bf6# 1-0

[Event "XI Open Piemonte Scacchi"]
[Site "Torino ITA"]
[Date "2011.09.09"]
[Round "1"]
[White "Tondo, Stefano"]
[Black "Ivaldo, Fabrizio"]
[Result "1-0"]
[WhiteElo "1502"]
[BlackElo "1913"]
[PlyCount "101"]
[EventDate "2011.09.09"]

1. e4 e6 2. d4 d5 3. Nc3 Nf6 4. Bg5 Bb4 5. e5 h6 6. exf6 hxg5 7. fxg7 Rg8 8.
Qh5 Qf6 9. Qh7 Qxg7 10. Qxg7 Rxg7 11. Nf3 c5 12. a3 Ba5 13. O-O-O Nc6 14. Nb5
Nxd4 15. Nbxd4 cxd4 16. Rxd4 Bc7 17. h4 g4 18. Ng5 f6 19. Bb5+ Ke7 20. h5 Rxg5
21. f4 gxf3 22. gxf3 Bd7 23. Bxd7 Kxd7 24. h6 Rh8 25. h7 Bb6 26. Rdh4 Rg2 27.
c3 Ke7 28. Kb1 Rg1+ 29. Rxg1 Bxg1 30. Rg4 Bb6 31. Rg7+ Kd6 32. Rxb7 Ke5 33. Kc2
Kf4 34. Rf7 Kf5 35. Kd3 Kg6 36. Re7 e5 37. Rd7 d4 38. c4 Rxh7 39. Rxh7 Kxh7 40.
b4 Kg6 41. c5 Bc7 42. a4 Kf5 43. a5 Ke6 44. Kc4 a6 45. b5 axb5+ 46. Kxb5 Kd7
47. a6 Bb8 48. Kb6 Kc8 49. c6 Bc7+ 50. Kc5 d3 51. a7 1-0

[Event "XI Open Piemonte Scacchi"]
[Site "Torino ITA"]
[Date "2011.09.09"]
[Round "1"]
[White "Melling, Jonathon"]
[Black "Cardino, Guido"]
[Result "0-1"]
[WhiteElo "1882"]
[BlackElo "1452"]
[PlyCount "84"]
[EventDate "2011.09.09"]

1. d4 Nf6 2. c4 g6 3. Nc3 Bg7 4. e4 d6 5. Nf3 O-O 6. Bg5 Na6 7. Be2 Qe8 8. O-O
e5 9. d5 Nc5 10. Qc2 a5 11. Be3 b6 12. Bxc5 bxc5 13. Nb5 Qd8 14. Nd2 Bd7 15. a4
Ne8 16. Ra3 f5 17. exf5 Bxf5 18. Bd3 Qd7 19. Nf3 Bh6 20. Re1 Nf6 21. Bxf5 gxf5
22. Nh4 Ne4 23. Nxf5 Qxf5 24. Rxe4 Rf7 25. Rf3 Bf4 26. Qe2 Kh8 27. Kh1 Qh5 28.
Rh3 Qg6 29. Nc3 Rb8 30. Nb5 Rbf8 31. f3 Qf5 32. g4 Qf6 33. Qe1 Bg5 34. Qxa5 Qg6
35. Qc3 Rxf3 36. Rxf3 Qxe4 37. Kg2 Qe2+ 38. Kg3 Rxf3+ 39. Qxf3 Bf4+ 40. Qxf4
exf4+ 41. Kxf4 Qxh2+ 42. Kf5 Qe5# 0-1

[Event "XI Open Piemonte Scacchi"]
[Site "Torino ITA"]
[Date "2011.09.09"]
[Round "2"]
[White "Haddad Filho, Paulo Ibrahim"]
[Black "Ranieri, Fabrizio"]
[Result "0-1"]
[WhiteElo "1971"]
[BlackElo "2299"]
[PlyCount "114"]
[EventDate "2011.09.09"]

1. d4 e6 2. Nf3 Nf6 3. Bg5 d5 4. Nbd2 c5 5. e3 Be7 6. c3 Qb6 7. b3 Bd7 8. Bd3
Nc6 9. O-O h6 10. Bf4 Nh5 11. Be5 Nxe5 12. Nxe5 Nf6 13. dxc5 Qxc5 14. c4 Rd8
15. Nxd7 Rxd7 16. Qe2 O-O 17. Nf3 dxc4 18. Bxc4 Ne4 19. Rac1 Rc7 20. Nd4 Qa5
21. Qc2 Nd2 22. Nxe6 Rxc4 23. bxc4 fxe6 24. Rfd1 Bb4 25. a3 Qxa3 26. Rxd2 Bxd2
27. Qxd2 Qe7 28. Qd4 a6 29. Rb1 Rd8 30. Qe4 Rd2 31. h3 Rd7 32. g3 Qf7 33. Kg2
Rd2 34. Qf3 Qxf3+ 35. Kxf3 Rd7 36. Ke4 Kf7 37. h4 Kf6 38. f4 Rc7 39. Rb4 a5 40.
Ra4 b6 41. g4 Rc5 42. g5+ Kg6 43. Kd4 Kf5 44. Ra1 h5 45. Rb1 Rc6 46. Rf1 Rd6+
47. Kc3 Ke4 48. Kb3 Rd3+ 49. Ka4 Rxe3 50. Kb5 Rb3+ 51. Kc6 a4 52. Ra1 a3 53.
Kd6 Kf5 54. Ke7 g6 55. Ra2 Rc3 56. Ra1 Rxc4 57. Rxa3 Rxf4 0-1

[Event "XI Open Piemonte Scacchi"]
[Site "Torino ITA"]
[Date "2011.09.09"]
[Round "2"]
[White "Guzzetti, Luigi Enrico"]
[Black "Topczewski, Damian"]
[Result "0-1"]
[WhiteElo "1955"]
[BlackElo "2189"]
[PlyCount "92"]
[EventDate "2011.09.09"]

1. e4 c5 2. Nf3 d6 3. d4 Nf6 4. Nc3 cxd4 5. Nxd4 g6 6. Be2 Bg7 7. Be3 O-O 8.
O-O Nc6 9. Qd2 Bg4 10. f3 Bd7 11. Rfd1 Nxd4 12. Bxd4 Be6 13. a4 Nd7 14. a5
Bxd4+ 15. Qxd4 Qc7 16. Rd2 Rfc8 17. Qe3 Qc5 18. Qxc5 Rxc5 19. Nb5 Rac8 20. c3
a6 21. Nd4 Ne5 22. Nxe6 fxe6 23. Rd4 Kf7 24. Kf2 Nc6 25. Rda4 Ne5 26. Rb4 R8c7
27. Ke3 Nc6 28. Rba4 Kf6 29. f4 e5 30. g3 e6 31. Kd2 Ne7 32. c4 d5 33. fxe5+
Kxe5 34. exd5 exd5 35. b4 R5c6 36. c5 Nf5 37. Re1 Kf6 38. g4 Nd4 39. Ra3 Re6
40. Rf1+ Kg5 41. Bd1 Rce7 42. Rd3 Re4 43. h3 Kh4 44. Kc3 Nb5+ 45. Kb3 Re3 46.
Rf3 Nd4+ 0-1

[Event "XI Open Piemonte Scacchi"]
[Site "Torino ITA"]
[Date "2011.09.09"]
[Round "2"]
[White "Razzano, Lorenzo"]
[Black "Aghayev, Miragha"]
[Result "0-1"]
[WhiteElo "1927"]
[BlackElo "2112"]
[PlyCount "52"]
[EventDate "2011.09.09"]

1. e4 c5 2. Nf3 d6 3. d4 cxd4 4. Nxd4 Nf6 5. Nc3 a6 6. h3 b5 7. g4 Bb7 8. Bg2
e5 9. Nde2 b4 10. Nd5 Nxd5 11. exd5 Nd7 12. Be3 Qa5 13. O-O Nb6 14. Bxb6 Qxb6
15. c4 bxc3 16. Nxc3 Be7 17. Qa4+ Kf8 18. Kh2 h5 19. f4 hxg4 20. fxe5 gxh3 21.
Qf4 hxg2+ 22. Kxg2 f6 23. exf6 Bxf6 24. Rae1 Re8 25. Rxe8+ Kxe8 26. Qe4+ Kd8
0-1

[Event "XI Open Piemonte Scacchi"]
[Site "Torino ITA"]
[Date "2011.09.09"]
[Round "2"]
[White "Cardino, Guido"]
[Black "Spinelli, Doriano"]
[Result "0-1"]
[WhiteElo "1452"]
[BlackElo "2098"]
[PlyCount "46"]
[EventDate "2011.09.09"]

1. e4 d5 2. exd5 Nf6 3. d4 Bg4 4. Nf3 Qxd5 5. Be2 Nc6 6. c3 e6 7. Nbd2 Be7 8.
O-O O-O 9. Re1 Rad8 10. Bc4 Qd6 11. Qc2 Bf5 12. Qd1 Nd7 13. Ne4 Bxe4 14. Rxe4
Nf6 15. Re1 e5 16. Nxe5 Nxe5 17. Rxe5 Qxe5 18. f4 Qd6 19. Qf3 Nd5 20. Bd2 c5
21. Re1 Bf6 22. Qe4 cxd4 23. cxd4 Nb4 0-1

[Event "XI Open Piemonte Scacchi"]
[Site "Torino ITA"]
[Date "2011.09.09"]
[Round "2"]
[White "Jotev, Yassen"]
[Black "Guidi, Giacomo G."]
[Result "0-1"]
[WhiteElo "2086"]
[BlackElo "1991"]
[PlyCount "60"]
[EventDate "2011.09.09"]

1. e4 c5 2. Nf3 Nc6 3. Bb5 d6 4. d4 cxd4 5. Nxd4 Qc7 6. Nc3 e6 7. Be3 Nf6 8. f3
Be7 9. Qd2 O-O 10. g4 a6 11. Ba4 b5 12. Nxc6 Qxc6 13. Bb3 Bb7 14. O-O-O Rfd8
15. g5 Nd7 16. a3 Nc5 17. Ba2 a5 18. Qd4 Rdc8 19. Kb1 Rab8 20. h4 Ba8 21. h5 b4
22. axb4 Rxb4 23. Qd2 Rcb8 24. g6 Rxb2+ 25. Ka1 Bf6 26. gxf7+ Kxf7 27. Bxc5
Qxc5 28. Qxd6 Qxd6 29. Rxd6 Bxc3 30. Bb3 R2xb3+ 0-1

[Event "XI Open Piemonte Scacchi"]
[Site "Torino ITA"]
[Date "2011.09.09"]
[Round "2"]
[White "Busi, Piero"]
[Black "Moncelli, Giorgio"]
[Result "0-1"]
[WhiteElo "1293"]
[BlackElo "2081"]
[PlyCount "67"]
[EventDate "2011.09.09"]

1. Nf3 Nf6 2. d4 g6 3. Nc3 d5 4. e3 Bg7 5. Bd3 O-O 6. O-O c5 7. h3 Nc6 8. a3 b6
9. Re1 Bb7 10. Bd2 a6 11. b3 Qc7 12. Ne2 e5 13. dxe5 Nxe5 14. Nxe5 Qxe5 15. Ng3
Ne4 16. Bxe4 dxe4 17. Rb1 Rad8 18. Qe2 Rd7 19. Red1 Rfd8 20. Be1 Qe6 21. Rxd7
Qxd7 22. Qg4 Qd5 23. Qe2 b5 24. c4 Qd3 25. Qxd3 Rxd3 26. Ba5 f5 27. Ne2 g5 28.
Bb6 Bf8 29. Ba7 Bd6 30. cxb5 axb5 31. a4 Ba6 32. axb5 Bxb5 33. Kf1 Rd2 34. Re1
0-1

[Event "XI Open Piemonte Scacchi"]
[Site "Torino ITA"]
[Date "2011.09.09"]
[Round "2"]
[White "Manni, Stefano"]
[Black "Martin, Tiziano"]
[Result "0-1"]
[WhiteElo "2012"]
[BlackElo "1948"]
[PlyCount "74"]
[EventDate "2011.09.09"]

1. d4 d6 2. Nf3 Nf6 3. c4 Nbd7 4. Nc3 e5 5. e4 Be7 6. Be2 O-O 7. d5 Nc5 8. Qc2
a5 9. Be3 b6 10. Nd2 Ng4 11. Bxg4 Bxg4 12. h3 Bd7 13. g4 Bg5 14. Nf1 Qf6 15.
Bxg5 Qxg5 16. Ne3 Qe7 17. h4 Qe8 18. O-O-O b5 19. cxb5 Bxb5 20. Nxb5 Qxb5 21.
Nc4 Rfb8 22. Rh3 a4 23. Rc3 Qb4 24. Re1 Ra7 25. Re2 Qb5 26. Ree3 Qe8 27. Ra3
Rb4 28. Qc3 Qb5 29. Nd2 Rb7 30. b3 f6 31. f3 Rd4 32. Kc2 axb3+ 33. axb3 Na6 34.
Nc4 Nc5 35. Ra5 Rxc4 36. bxc4 Qb1+ 37. Kd2 Rb2+ 0-1

[Event "XI Open Piemonte Scacchi"]
[Site "Torino ITA"]
[Date "2011.09.09"]
[Round "2"]
[White "Giacometto, Mario"]
[Black "Macheda, Andrea"]
[Result "0-1"]
[WhiteElo "2004"]
[BlackElo "1915"]
[PlyCount "120"]
[EventDate "2011.09.09"]

1. e4 c5 2. Nf3 d6 3. d4 cxd4 4. Nxd4 Nf6 5. Nc3 a6 6. g3 e6 7. Bg2 Be7 8. a4
Qc7 9. O-O O-O 10. Be3 Bd7 11. a5 Bc6 12. Nxc6 bxc6 13. Na4 Nbd7 14. c4 Rab8
15. Nb6 c5 16. Nxd7 Nxd7 17. Qc2 Bf6 18. Ra2 Ne5 19. h3 Nc6 20. Qd2 Rb4 21. Rd1
Bd4 22. f4 e5 23. Qe2 Rfb8 24. Bxd4 Nxd4 25. Qf2 Rxc4 26. f5 Rc2 27. Rd2 Rxd2
28. Qxd2 Rb3 29. Kh2 Qb8 30. f6 gxf6 31. Qf2 Kg7 32. h4 Qb7 33. Qf1 Rb5 34. Qd1
Rb3 35. Qg4+ Kh8 36. h5 h6 37. Qh4 Nf3+ 38. Bxf3 Rxf3 39. Qg4 Re3 40. Qf5 Re2+
41. Kh3 Qxe4 42. Qxf6+ Kg8 43. Qf1 Re1 44. Ra4 Rxf1 45. Rxe4 Ra1 46. b4 cxb4
47. Rxb4 Rxa5 48. Rb6 Rd5 49. Rxa6 Rd4 50. g4 Kg7 51. Ra7 Kf6 52. Kh4 e4 53.
Ra5 e3 54. Rf5+ Kg7 55. Kg3 Re4 56. Rf1 d5 57. Kf3 e2 58. Re1 Kf6 59. Rxe2 Rxe2
60. Kxe2 Kg5 0-1

[Event "XI Open Piemonte Scacchi"]
[Site "Torino ITA"]
[Date "2011.09.09"]
[Round "2"]
[White "Janier, Fabrice"]
[Black "Riccardi, Mauro"]
[Result "1-0"]
[WhiteElo "2004"]
[BlackElo "1836"]
[PlyCount "53"]
[EventDate "2011.09.09"]

1. d4 Nf6 2. Nf3 g6 3. Nc3 d5 4. Bf4 c5 5. e3 Nc6 6. Nb5 Qa5+ 7. c3 e5 8. Nxe5
Nd8 9. Nf3 Ne6 10. Be5 Be7 11. dxc5 O-O 12. b4 Qd8 13. Be2 Ne4 14. c4 a6 15.
Nc3 Bxc5 16. Nxd5 f6 17. Bb2 Be7 18. c5 Bxc5 19. bxc5 Qa5+ 20. Kf1 N6xc5 21.
Qe1 Qd8 22. Rd1 Bd7 23. Qb4 b5 24. Qd4 Rc8 25. Ba3 Be6 26. Nf4 Bxa2 27. Qb2 1-0